| 000 | 00475nam a22001817a 4500 | ||
|---|---|---|---|
| 003 | MPLRDC | ||
| 005 | 20220104123738.0 | ||
| 008 | 210129b ||||| |||| 00| 0 eng d | ||
| 082 | _a528.21 SCH | ||
| 100 | _aRUDOLPH SCHAFFER | ||
| 245 |
_a母亲角色 _c张康乐译 |
||
| 250 | _a二版 | ||
| 260 |
_a _b允晨文化实业股份有限 _c1987 |
||
| 300 | _b平 | ||
| 490 | _a允晨新生活丛书. 14 | ||
| 650 | _a子女教育; 亲子教育 | ||
| 942 |
_cBK _o528.21 SCH |
||
| 999 |
_c13861 _d13851 |
||